A divat mint a társadalmi változások szimbóluma [absztrakt] /

Elmentve itt :
Bibliográfiai részletek
Szerző: Vincze Lilla
Testületi szerző: IX. Móra Kárpát-medencei Interdiszciplináris Szakkollégiumi Konferencia
Dokumentumtípus: Könyv része
Megjelent: Szegedi Tudományegyetem Móra Ferenc Szakkollégium Szeged 2025
Sorozat:Móra Kárpát-medencei Interdiszciplináris Szakkollégiumi Konferencia 9
Kulcsszavak:Divat - előadáskivonat, Öltözködés története - előadáskivonat
Tárgyszavak:
Online Access:http://acta.bibl.u-szeged.hu/89185
LEADER 00940naa a2200205 i 4500
001 acta89185
005 20251204151648.0
008 251204s2025 hu o 100 hun d
040 |a SZTE Egyetemi Kiadványok Repozitórium  |b hun 
041 |a hun 
100 1 |a Vincze Lilla 
245 1 2 |a A divat mint a társadalmi változások szimbóluma   |h [elektronikus dokumentum] :  |b [absztrakt] /  |c  Vincze Lilla 
260 |a Szegedi Tudományegyetem Móra Ferenc Szakkollégium  |b Szeged  |c 2025 
300 |a 128 
490 0 |a Móra Kárpát-medencei Interdiszciplináris Szakkollégiumi Konferencia  |v 9 
650 4 |a Társadalomtudományok 
650 4 |a Szociológia 
695 |a Divat - előadáskivonat, Öltözködés története - előadáskivonat 
711 |a IX. Móra Kárpát-medencei Interdiszciplináris Szakkollégiumi Konferencia  |c Szeged  |d 2025. november 21-23. 
856 4 0 |u http://acta.bibl.u-szeged.hu/89185/1/morakonf_2025_128.pdf  |z Dokumentum-elérés